El arte de los indios norteamericanos de la costa noroeste (Record no. 7597)

MARC details
000 -CABECERA
campo de control de longitud fija 00916nam a2200253 a 4500
001 - NÚMERO DE CONTROL
campo de control BRCA_7927
005 - FECHA Y HORA DE LA ÚLTIMA TRANSACCIÓN
campo de control 20190320210044.0
008 - DATOS DE LONGITUD FIJA--INFORMACIÓN GENERAL
campo de control de longitud fija 070314s1967----mx-a###f##---#000-0#spa-#
041 ## - CÓDIGO DE LENGUA
Código de lengua del texto/banda sonora o título independiente spa
044 ## - CÓDIGO DEL PAÍS DE LA ENTIDAD EDITORA/PRODUCTORA
Código MARC del país mx
050 #4 - SIGNATURA TOPOGRÁFICA DE LA BIBLIOTECA DEL CONGRESO
Número de clasificación E98
Número de documento/Ítem .SI571
-- 1967
100 1# - ENTRADA PRINCIPAL--NOMBRE DE PERSONA
Nombre de persona Siebert, Erna
9 (RLIN) 19610
245 10 - MENCIÓN DE TÍTULO
Título El arte de los indios norteamericanos de la costa noroeste
Resto del título máscaras, amuletos, maderas talladas e indumentaria ceremonial
Mención de responsabilidad, etc. Erna Siebert y Werner Forman ; traducción del inglés de Lauro José Zavala.
260 ## - PUBLICACIÓN, DISTRIBUCIÓN, ETC.
Lugar de publicación, distribución, etc. México
Nombre del editor, distribuidor, etc. Fondo de Cultura Económica
Fecha de publicación, distribución, etc. 1967
300 ## - DESCRIPCIÓN FÍSICA
Extensión 47 p.
Otras características físicas il. a color, 107 láminas
Dimensiones 31 cm.
500 ## - NOTA GENERAL
Nota general 302
500 ## - NOTA GENERAL
Nota general Título original : Indianerkunst
650 14 - PUNTO DE ACCESO ADICIONAL DE MATERIA--TÉRMINO DE MATERIA
Término de materia o nombre geográfico como elemento de entrada Indios de América del Norte
Subdivisión de forma Arte
9 (RLIN) 19611
650 14 - PUNTO DE ACCESO ADICIONAL DE MATERIA--TÉRMINO DE MATERIA
Término de materia o nombre geográfico como elemento de entrada Arte nativo
Subdivisión de forma Exposiciones
9 (RLIN) 19612
700 1# - PUNTO DE ACCESO ADICIONAL--NOMBRE DE PERSONA
Nombre de persona Forman, Werner
Término indicativo de función/relación coaut.
9 (RLIN) 19613
700 1# - PUNTO DE ACCESO ADICIONAL--NOMBRE DE PERSONA
Nombre de persona Zavala, Lauro José
Término indicativo de función/relación tr.
9 (RLIN) 19614
902 ## - CATALOGADOR
Iniciales GFM
942 ## - ELEMENTOS DE PUNTO DE ACCESO ADICIONAL (KOHA)
Fuente del sistema de clasificación o colocación Library of Congress Classification
Tipo de ítem Koha Libros
Holdings
Estado de retiro Estado de pérdida Estado dañado No para préstamo Localización permanente Ubicación/localización actual Fecha de adquisición Número de inventario Total de préstamos Signatura topográfica completa Código de barras Fecha visto por última vez Precio válido a partir de Tipo de ítem Koha
El ejemplar forma parte de la colección y puede ser consultado según las políticas vigentes.       Biblioteca del Museo Franz Mayer (Rogerio Casas-Alatriste) Biblioteca del Museo Franz Mayer (Rogerio Casas-Alatriste) 07/03/2014 302   E98 .SI571 1967 (302) 8538 22/03/2019 22/03/2019 Libros